000 03439nam0a2200421 4500
001 RU\NLR\BIBL_A\012742725
005 20220615131054.0
010 _a978-5-00171-622-8
_9501
021 _aRU
_bКН-П-21-087543
_9КН-П-21-6973
035 _a(NLR Aleph) 012742725
035 _a(RuMoRGB)010920572
090 _a13007519
_c13007519
100 _a20220328d2020 k y0rusy50 ca
101 0 _arus
_deng
102 _aRU
105 _aa|||z||||||z|
181 1 _ai3
_baxxe
182 1 _an
200 1 _aРазвитие кредитной системы России на основе ресурсообеспеченности ее банковского сектора
_dDevelopment of credit system of Russian based on the resource availability of its banking sector
_eмонография
_fМ. Г. Гришина
_zeng
203 _aТекст
_bвизуальный
_cнепосредственный
210 _aМосква
_cПеро
_d2020
215 _a167 с.
_cил., табл.
_d20
300 _aНа 4-й с. обл. авт.: канд. экон. наук, доц., засл. работник науки и образования РАЕ Гришина (Матевосян) Мария Гендриховна
320 _aБиблиогр.: с. 160-167 (77 назв.) и в тексте
330 _aВ данной монографии обозначена ведущая роль денежно-кредитного регулирования коммерческих банков с помощью ЦБ РФ. Центральный банк Российской Федерации, он же Банк России, выступает основным регулятором деятельности коммерческих банков и других кредитных учреждений на территории Российской Федерации. Деятельность коммерческих банков рассматривается в монографии как ведущий фактор развития кредитных отношений в российской экономике. Важность регулирования и управления денежно-кредитной системы в целом необходима для выполнения широкого спектра задач: развития экономики, повышения уровня благосостояния населения, предотвращения негативных явлений в экономике, борьбе с причинами инфляции и ее последствиями
510 1 _6z22790
_aDevelopment of credit system of Russian based on the resource availability of its banking sector
_zeng
606 1 _aБанковская система
_yРоссийская Федерация
_2nlr_sh1
_2nlr_sh2
_3RU\NLR\AUTH\661264847
606 1 _aКредитная система
_yРоссийская Федерация
_2nlr_sh1
_2nlr_sh2
_3RU\NLR\AUTH\661291181
686 1 _aУ26(2)210(2Р)
686 1 _aУ26(2)21(2Р)
700 1 _aМатевосян
_bМ. Г.
_gМария Гендриховна
_3RU\NLR\AUTH\77126591
790 1 _6z22510
_aMatevosjan
_bM. G.
_gMarija Gendrichovna
_3RU\NLR\AUTH\770243469
942 _cBOOK
980 _aNBR
980 _aNB